| 000 | 01002nam a2200265 i 4500 | ||
|---|---|---|---|
| 001 | bg | ||
| 245 | 0 | 0 |
_aZmierzch socjalizmu państwowego : _bszkice z socjologii ekonomicznej : praca zbiorowa / _cpod red. Witolda Morawskiego ; [aut. Jolanta Babiuch-Luxmoore et al.]. |
| 260 |
_aWarszawa : _bWydaw. Naukowe PWN, _c1994. |
||
| 300 |
_a355, [1] s. : _b1 wykr. ; _c21 cm. |
||
| 500 | _aNazwa współaut. na s. 4 okł. | ||
| 504 | _aIndeks. | ||
| 610 | 2 | 9 | _aSolidarność, związek zawodowy |
| 650 | 9 |
_aSocjalizm, ustrój _xzagadnienia |
|
| 650 | 9 |
_aTransformacja systemu społeczno-gospodarczego _zEuropa Środkowo-Wschodnia |
|
| 651 | 9 |
_aPolska _xgospodarka _xsocjologia _y1944-1989 r. |
|
| 700 | 1 |
_aMORAWSKI, Witold. _eRed. |
|
| 700 | 1 | _aBABIUCH-LUXMOORE, Jolanta. | |
| 020 | _a8301113642 | ||
| 040 | _cBPK | ||
| 041 | 0 | _apol | |
| 080 | _a330.342.15:321.74:316.323.7:[338.22:331.105.44:316.334.2](438) | ||
| 920 | _a83-01-11364-2 | ||
| 942 | _cKS | ||
| 008 | s pl f |000 0 pol | ||
| 999 |
_c30977 _d30977 |
||
| 856 |
_uhttp://koha.tu.koszalin.pl/cgi-bin/koha/opac-detail.pl?biblionumber=30977 _yKatalog online BPK |
||